000 00354nam a2200157Ia 4500
100 _aFesto
650 _aElectrical Engineering
942 _cBK
654 _aEngineering
245 _aFundamentals of Control Engineering
260 _bFesto Didactic
_aBomaby
_c1988
082 _a629.8312
_bBOC
300 _a594
546 _aENGLISH
999 _c23977
_d23977